|
|
|
|
| LEADER |
00000nab a2200000ua 4500 |
| 001 |
vtls010785443 |
| 003 |
SK-MaSNL |
| 005 |
20260225191417.0 |
| 008 |
230131s1976 xo |||||||||||||||||slo| |
| 035 |
|
|
|a (urnnbn)urn:nbn:sk:snk:ar-a003es
|
| 035 |
|
|
|a (uuid)8ab4fa04-d4aa-4109-b349-a65729c8e36a
|
| 035 |
|
|
|a urn:nbn:sk:snk-ab5010
|
| 040 |
|
|
|a SNKBUCL
|b slo
|c SNKBUCL
|e AACR2
|
| 041 |
0 |
|
|a slo
|
| 044 |
|
|
|a xo
|c SK
|
| 245 |
0 |
0 |
|a Poistenie zodpovednosti za škody
|
| 773 |
0 |
|
|t Včelár : odborný časopis Povereníctva poľnohospodárstva a lesného hospodárstva a Ústredia včelárskych združení na Slovensku
|g Roč. 50, č. 6 (1976), s. 136-137
|
| 954 |
|
|
|a odborná, vedecká literatúra pôvodná (slovenská)
|2 lita
|
| 958 |
|
|
|a OND
|
| 958 |
|
|
|a EUIPO
|
| 958 |
|
|
|a article3
|
| 999 |
|
|
|c 1908283
|d 1910213
|